[Event "European Youth Chess Championship G14"]
[Site "Prague, Top Hotel Prague"]
[Date "2016.08.27"]
[Round "9.35"]
[White "Simkunaite, Gabija"]
[Black "Rosenbaumova, Lea"]
[Result "1/2-1/2"]
[WhiteElo "1629"]
[BlackElo "1432"]
[PlyCount "119"]
[EventDate "2016.08.18"]

1. e4 e6 2. d4 d5 3. Nc3 Nf6 4. e5 Nfd7 5. f4 c5 6. Nf3 Nc6 7. Be3 a6 8. a3 b5
9. Bd3 Be7 10. O-O O-O 11. f5 cxd4 12. Nxd4 Ndxe5 13. fxe6 Bxe6 14. Nxc6 Nxc6
15. Ne2 Bf6 16. Bc5 Re8 17. c3 Rc8 18. a4 Ne5 19. Bd4 Nxd3 20. Qxd3 Bxd4+ 21.
Nxd4 bxa4 22. Rxa4 Qb6 23. Rb4 Qa7 24. Kh1 Rc4 25. Ra1 Ra8 26. Rb3 a5 27. Rba3
Rcc8 28. Qg3 Qb7 29. Rb3 Qc7 30. Qf3 Rcb8 31. Rxb8+ Rxb8 32. Qe2 Qb6 33. Ra2
Re8 34. h3 Bd7 35. Qd2 Qc7 36. Qf2 a4 37. Ra1 Qb6 38. Rf1 Be6 39. Qc2 Qa6 40.
Ra1 Ra8 41. Nf3 g6 42. Ne5 Bf5 43. Qd2 Qb7 44. Nf3 f6 45. Qd4 Kg7 46. Re1 a3
47. bxa3 Rxa3 48. Qc5 Ra7 49. Nd4 Qf7 50. Nb5 Rd7 51. Nd6 Qf8 52. Ne8+ Kf7 53.
Qc6 Re7 54. Nd6+ Kg7 55. Ra1 Qg8 56. Nxf5+ gxf5 57. Rf1 Re5 58. g4 Qe6 59. Qxe6
Rxe6 60. Rxf5 $11 1/2-1/2

[Event "European Youth Chess Championship G14"]
[Site "Prague, Top Hotel Prague"]
[Date "2016.08.27"]
[Round "9.36"]
[White "Vetshtein, Lior"]
[Black "Petkova, Denitsa"]
[Result "1/2-1/2"]
[WhiteElo "1489"]
[BlackElo "1602"]
[PlyCount "112"]
[EventDate "2016.08.18"]

1. e4 c5 2. Nf3 d6 3. b3 Nf6 4. d3 e6 5. Bb2 Nc6 6. g3 Be7 7. c4 O-O 8. Bg2 Rb8
9. Nc3 a6 10. a4 Qb6 11. Ba3 Nd7 12. O-O Bf6 13. Qc2 Nde5 14. Nxe5 Bxe5 15.
Rab1 Bd7 16. Ne2 Qa5 17. Bb2 Bxb2 18. Qxb2 b5 19. axb5 axb5 20. cxb5 Rxb5 21.
d4 Rfb8 22. d5 Ne7 23. Qc2 Qb6 24. Bh3 f5 25. Nf4 exd5 26. Nxd5 Nxd5 27. exd5
Rxb3 28. Rxb3 Qxb3 29. Bxf5 Qxc2 30. Bxc2 c4 31. Rc1 Rc8 32. Kf1 Rc5 33. Be4
Be8 34. Ke2 h6 35. Ke3 Bb5 36. Bf5 Kf7 37. Be6+ Kf6 38. f4 Ba4 39. Kd4 Bb3 40.
Kc3 Ra5 41. g4 Ra2 42. h4 Rf2 43. g5+ hxg5 44. fxg5+ Kg6 45. Re1 Kh5 46. Bc8
Kxh4 47. Re6 Rc2+ 48. Kb4 Ba2 49. Rxd6 c3 50. Rd7 Rc1 51. Rxg7 c2 52. Kc3 Bxd5
53. Bf5 Bc6 54. g6 Kg5 55. Rc7 Kxf5 56. Rxc6 Rg1 1/2-1/2

[Event "European Youth Chess Championship G14"]
[Site "Prague, Top Hotel Prague"]
[Date "2016.08.27"]
[Round "9.37"]
[White "Liiv, Kristiina"]
[Black "Hrysogelou, Athanasia-Panagiot"]
[Result "0-1"]
[WhiteElo "1341"]
[BlackElo "1695"]
[PlyCount "86"]
[EventDate "2016.08.18"]

1. c4 c5 2. Nc3 Nc6 3. Nf3 Nf6 4. g3 g6 5. Bg2 Bg7 6. O-O O-O 7. d3 e6 8. Be3
b6 9. Qd2 d5 10. cxd5 exd5 11. Bh6 Bb7 12. Bxg7 Kxg7 13. d4 Ne4 14. Qd1 Nxc3
15. bxc3 c4 16. Rb1 a6 17. h4 Rb8 18. e3 b5 19. Nh2 Bc8 20. h5 Bf5 21. Rc1 Re8
22. hxg6 hxg6 23. Bf3 b4 24. Bg4 Bd3 25. Be2 Bxe2 26. Qxe2 bxc3 27. Rxc3 Nxd4
28. Qd2 Nb5 29. Rcc1 c3 30. Qd3 Qa5 31. Qxd5 Rbd8 32. Qb3 Rc8 33. Rfd1 Red8 34.
Rxd8 Qxd8 35. a4 Qd2 36. Rc2 Qe1+ 37. Kg2 Nd6 38. Nf3 Qa1 39. Ne5 Rh8 40. Kf3
Qd1+ 41. Kf4 g5+ 42. Kxg5 Qh5+ 43. Kf4 Qf5# 0-1

[Event "European Youth Chess Championship G14"]
[Site "Prague, Top Hotel Prague"]
[Date "2016.08.27"]
[Round "9.38"]
[White "Levin, Emily"]
[Black "Sidamonidze, Anastasia"]
[Result "1/2-1/2"]
[WhiteElo "1390"]
[BlackElo "1690"]
[PlyCount "81"]
[EventDate "2016.08.18"]

1. d4 d6 2. c4 f5 3. Nc3 Nf6 4. Nf3 g6 5. b3 Bg7 6. Bb2 O-O 7. e3 Nbd7 8. Rb1
e6 9. g3 Re8 10. Bg2 Nf8 11. O-O h6 12. Re1 d5 13. cxd5 exd5 14. Ne5 Ne4 15.
Nxe4 fxe4 16. f3 exf3 17. Qxf3 Be6 18. Rbd1 c6 19. Qf2 Qa5 20. Ba1 Qb6 21. Kh1
Rad8 22. Rf1 Re7 23. Qd2 Bf5 24. Qc3 Kh7 25. Bb2 Ree8 26. g4 Be6 27. h3 Qc7 28.
Ba3 Bxe5 29. dxe5 Qg7 30. Bb2 Nd7 31. Rd2 Bg8 32. Rdf2 Nxe5 33. Qc2 Re6 34. Rf4
$11 Qe7 35. Qd2 Qe8 36. Qd4 b6 37. Qd2 Qe7 38. Qd4 Qe8 39. Qd2 Qe7 40. Qd4 Qe8
41. Qd2 $11 1/2-1/2

[Event "European Youth Chess Championship G14"]
[Site "Prague, Top Hotel Prague"]
[Date "2016.08.27"]
[Round "9.39"]
[White "Oliveira, Maria Alice Ramos Ma"]
[Black "Norlamo, Sarabella"]
[Result "1-0"]
[WhiteElo "1667"]
[BlackElo "1534"]
[PlyCount "93"]
[EventDate "2016.08.18"]

1. e4 e5 2. Nf3 Nc6 3. Bb5 a6 4. Ba4 Nf6 5. d3 d6 6. c3 g6 7. O-O Bg7 8. Re1
O-O 9. Nbd2 b5 10. Bb3 a5 11. Nf1 a4 12. Bc2 Re8 13. Ng3 Bb7 14. d4 exd4 15.
Nxd4 Nxd4 16. cxd4 c5 17. dxc5 dxc5 18. Qe2 Qb6 19. Rb1 b4 20. Bd2 Qe6 21. b3
a3 22. f3 Qa6 23. Bd3 Qb6 24. Be3 Nd7 25. Bb5 Bc6 26. Bxc6 Qxc6 27. Rbc1 Bc3
28. Red1 Red8 29. Bd2 Bd4+ 30. Be3 Bxe3+ 31. Qxe3 Rac8 32. Rd5 Qc7 33. Qh6 Qb6
34. Nh5 gxh5 35. Rg5+ Qg6 36. Rxg6+ hxg6 37. Qg5 Nb6 38. Kf2 Nd7 39. Kg3 Kg7
40. Qe3 Rc6 41. Rd1 Rc7 42. Rd6 Rdc8 43. f4 Nf8 44. f5 Nh7 45. Qf4 Rc6 46. Qe5+
Nf6 47. Qxf6+ 1-0

[Event "European Youth Chess Championship G14"]
[Site "Prague, Top Hotel Prague"]
[Date "2016.08.27"]
[Round "9.40"]
[White "Moerwald, Magdalena"]
[Black "Waardenburg, Marlinde"]
[Result "1-0"]
[WhiteElo "1624"]
[BlackElo "1580"]
[PlyCount "85"]
[EventDate "2016.08.18"]

1. e4 e5 2. Nf3 Nc6 3. d4 exd4 4. Bc4 Be7 5. Nxd4 d6 6. O-O Nf6 7. Nc3 O-O 8.
f3 Ne5 9. Bb3 a6 10. a4 Kh8 11. Qe1 Nfd7 12. Be3 Nc5 13. Ba2 f5 14. b4 f4 15.
Bf2 Ncd3 16. cxd3 Nxd3 17. Qb1 Nxf2 18. Rxf2 Bf6 19. Nde2 c6 20. Qd3 b5 21. Rd1
Qe7 22. Rff1 Bd7 23. Qc2 Be5 24. Nd4 c5 25. bxc5 dxc5 26. Nde2 c4 27. Nd5 Qc5+
28. Kh1 Be6 29. Ng1 Rac8 30. Nh3 h6 31. Nf2 b4 32. Bb1 b3 33. Qe2 Rfd8 34. Rc1
Bxd5 35. exd5 Rxd5 36. Rfd1 Rxd1+ 37. Rxd1 Bf6 38. Ne4 Qe5 39. Qf2 c3 40. Nxf6
c2 41. Bxc2 bxc2 42. Qxc2 Rb8 43. Qh7# 1-0

[Event "European Youth Chess Championship G14"]
[Site "Prague, Top Hotel Prague"]
[Date "2016.08.27"]
[Round "9.41"]
[White "Nilsson, Kajsa 2002"]
[Black "Janotkova, Katerina"]
[Result "0-1"]
[WhiteElo "1620"]
[BlackElo "1229"]
[PlyCount "110"]
[EventDate "2016.08.18"]

1. e4 c5 2. c3 e6 3. d4 cxd4 4. cxd4 d5 5. Bd3 Nc6 6. Nf3 Nge7 7. O-O g6 8. Nc3
Bg7 9. Be3 e5 10. dxe5 Nxe5 11. Be2 Nxf3+ 12. Bxf3 d4 13. Qb3 dxe3 14. fxe3 O-O
15. Qc2 Qc7 16. Rac1 Bd7 17. Qe2 Qa5 18. Nd5 Nxd5 19. exd5 Bb5 20. Rc5 Bxe2 21.
Rxa5 Bxf1 22. Kxf1 b6 23. Rb5 Rfd8 24. Ke2 Rac8 25. Kd3 Kf8 26. a4 Rc5 27. Rb4
Be5 28. h3 Ke7 29. b3 f5 30. g4 fxg4 31. Rxg4 Kf6 32. b4 Rc3+ 33. Kd2 Rdc8 34.
Bd1 R8c4 35. b5 Rxg4 36. hxg4 Rc5 37. e4 Kg5 38. Kd3 Kf4 39. Be2 Rc3+ 40. Kd2
Kxe4 41. d6 Rc8 42. a5 bxa5 43. b6 axb6 44. d7 Rd8 45. Bb5 Kd5 46. Ba4 Kc5 47.
Ke3 b5 48. Bb3 Rxd7 49. Bg8 Rd4 50. Kf3 h6 51. Be6 a4 52. Ke3 b4 53. Bg8 g5 54.
Be6 b3 55. Bf5 a3 0-1

[Event "European Youth Chess Championship G14"]
[Site "Prague, Top Hotel Prague"]
[Date "2016.08.27"]
[Round "9.42"]
[White "Akulova, Alicia"]
[Black "Davidson, Laura"]
[Result "1/2-1/2"]
[WhiteElo "1611"]
[BlackElo "1453"]
[PlyCount "68"]
[EventDate "2016.08.18"]

1. e4 e5 2. Nf3 Nc6 3. Bc4 Bc5 4. c3 Nf6 5. d4 exd4 6. e5 d5 7. Bb5 Ne4 8. cxd4
Bb6 9. Bxc6+ bxc6 10. O-O Bg4 11. Nc3 O-O 12. Be3 Qd7 13. h3 Bh5 14. Na4 Rae8
15. Nxb6 cxb6 16. g4 Bg6 17. Nh4 h5 18. Kg2 Qe7 19. Nf5 Qd7 20. f3 Bxf5 21.
gxf5 Nd6 22. f6 Nf5 23. Bg5 gxf6 24. exf6 Ne3+ 25. Bxe3 Rxe3 26. Rg1 Kh8 27.
Qf1 Re6 28. Kh1 Rxf6 29. f4 Rg6 30. Qf3 Qf5 31. Rge1 f6 32. Re3 Rfg8 33. Rae1
h4 34. Qe2 Rg2 $11 1/2-1/2

[Event "European Youth Chess Championship G14"]
[Site "Prague, Top Hotel Prague"]
[Date "2016.08.27"]
[Round "9.44"]
[White "Sorensen, Signe Sofie Boss"]
[Black "Golsta, Madara"]
[Result "0-1"]
[WhiteElo "1369"]
[BlackElo "1675"]
[PlyCount "88"]
[EventDate "2016.08.18"]

1. e4 c5 2. Nc3 d6 3. f4 Nc6 4. Bc4 e6 5. Nf3 Nge7 6. O-O g6 7. d3 Bg7 8. Bd2
O-O 9. Qe1 Nd4 10. Nxd4 Bxd4+ 11. Kh1 Rb8 12. Rb1 d5 13. exd5 exd5 14. Bb3 b5
15. a3 c4 16. dxc4 dxc4 17. Ba2 Bf5 18. Rc1 a5 19. b3 b4 20. axb4 axb4 21. Nd1
c3 22. Be3 Bg7 23. Qh4 Nd5 24. Qg3 Re8 25. Bf2 Re2 26. Bb1 Qe8 27. Re1 Nxf4 28.
Ne3 Nh5 29. Qh4 Bf6 30. Qc4 Rxe1+ 31. Rxe1 Qc8 32. Qe2 Be6 33. Qf3 Qb7 34. Qe2
Nf4 35. Qd1 Bh3 36. Rg1 Rd8 37. Qe1 Rd2 38. Qf1 Bd4 39. Bg3 Bxe3 40. Qf3 Bxg2+
41. Qxg2 Qxg2+ 42. Rxg2 Rd1+ 43. Be1 Rxe1+ 44. Rg1 Rxg1# 0-1

[Event "European Youth Chess Championship G14"]
[Site "Prague, Top Hotel Prague"]
[Date "2016.08.27"]
[Round "9.45"]
[White "Minko, Olga"]
[Black "Kvamme, Ingrid Jodre"]
[Result "1-0"]
[WhiteElo "1622"]
[BlackElo "1486"]
[PlyCount "105"]
[EventDate "2016.08.18"]

1. e4 c5 2. Nf3 Nc6 3. d4 cxd4 4. Nxd4 g6 5. Be3 Bg7 6. c4 Nf6 7. Nc3 O-O 8.
Be2 d6 9. O-O Bd7 10. f3 Nxd4 11. Bxd4 Bc6 12. Qd2 Nd7 13. Be3 a5 14. b3 Nc5
15. Rab1 Rb8 16. a3 b6 17. b4 axb4 18. axb4 Nd7 19. Rfc1 Ra8 20. Ra1 Qc7 21.
Rab1 Rfc8 22. Bf1 Qd8 23. Rc2 Ra3 24. Qd3 Ba4 25. Rcc1 Ne5 26. Qd5 e6 27. Qd2
Nxc4 28. Bxc4 Rxc4 29. Nxa4 Rxc1+ 30. Qxc1 Rxa4 31. Qc6 Ra6 32. b5 Ra4 33. Qxb6
Ra8 34. Qxd8+ Rxd8 35. b6 d5 36. exd5 exd5 37. b7 Be5 38. Ba7 Bb8 39. Bxb8 Rxb8
40. Kf2 Kf8 41. Ke3 Ke7 42. Kd4 Kd6 43. g4 Kc6 44. h4 Rxb7 45. Rxb7 Kxb7 46.
Kxd5 Kc7 47. Ke5 Kd7 48. Kf6 Ke8 49. Kg7 Ke7 50. Kxh7 Kf6 51. f4 Ke6 52. h5 Kf6
53. h6 1-0

[Event "European Youth Chess Championship G14"]
[Site "Prague, Top Hotel Prague"]
[Date "2016.08.27"]
[Round "9.46"]
[White "Moerwald, Miriam"]
[Black "Markova, Kristyna"]
[Result "0-1"]
[WhiteElo "1618"]
[BlackElo "1536"]
[PlyCount "80"]
[EventDate "2016.08.18"]

1. e4 e5 2. Nf3 Nf6 3. Nc3 Bb4 4. Nxe5 O-O 5. Be2 Re8 6. Nd3 Bxc3 7. dxc3 Nxe4
8. Nf4 Nc6 9. O-O d6 10. f3 Nc5 11. Re1 Be6 12. Nxe6 Rxe6 13. Bc4 Rxe1+ 14.
Qxe1 Qe8 15. Bf4 Na4 16. Bb5 Nb6 17. Kf1 a6 18. Qxe8+ Rxe8 19. Bxc6 bxc6 20.
Re1 Kf8 21. Be3 Na4 22. Bc1 Rb8 23. Re4 Nxb2 24. Rh4 h6 25. Bxb2 Rxb2 26. Ra4
Rxc2 27. Rxa6 Rxc3 28. Ra8+ Ke7 29. a4 Ra3 30. a5 c5 31. a6 d5 32. a7 c4 33.
Ke1 d4 34. Kd1 d3 35. Kc1 c3 36. Kb1 d2 37. Kc2 Ra2+ 38. Kd1 Ra1+ 39. Kc2 d1=Q+
40. Kxc3 Ra3+ 0-1

[Event "European Youth Chess Championship G14"]
[Site "Prague, Top Hotel Prague"]
[Date "2016.08.27"]
[Round "9.47"]
[White "Smith, Rachel Lorna"]
[Black "Mura, Marta"]
[Result "1-0"]
[WhiteElo "1616"]
[BlackElo "1483"]
[PlyCount "105"]
[EventDate "2016.08.18"]

1. d4 d5 2. c3 Nf6 3. Bg5 Nbd7 4. e3 e6 5. Bd3 Be7 6. f4 c6 7. Nf3 h6 8. Bh4
Ng4 9. Bxe7 Qxe7 10. Qe2 c5 11. Nbd2 b6 12. h3 Ngf6 13. O-O Bb7 14. Ne5 O-O 15.
Qf3 Nxe5 16. fxe5 Nd7 17. g4 f6 18. exf6 Rxf6 19. Qg2 Raf8 20. Rae1 Rxf1+ 21.
Rxf1 Rxf1+ 22. Qxf1 Qg5 23. Qf4 Qxf4 24. exf4 Kf7 25. Kf2 Kf6 26. Ke3 g5 27.
Nf3 Bc8 28. h4 gxf4+ 29. Kxf4 Nf8 30. Ne5 Bd7 31. b3 Be8 32. a3 a5 33. Nf3 Ke7
34. g5 hxg5+ 35. Kxg5 Kf7 36. Ne5+ Kg7 37. h5 cxd4 38. cxd4 Kh8 39. Ng6+ Bxg6
40. Bxg6 Nd7 41. Be8 Nf8 42. Kf6 Kg8 43. Bf7+ Kh7 44. Ke7 Kg7 45. Bxe6 Nxe6 46.
Kxe6 Kh6 47. Kxd5 Kxh5 48. Ke6 Kg6 49. d5 Kg5 50. Ke7 Kg6 51. d6 Kf5 52. d7 Ke5
53. d8=Q 1-0

[Event "European Youth Chess Championship G14"]
[Site "Prague, Top Hotel Prague"]
[Date "2016.08.27"]
[Round "9.48"]
[White "Greibrokk, Maria"]
[Black "Plaza, Reino Leire"]
[Result "1-0"]
[WhiteElo "1567"]
[BlackElo "1124"]
[PlyCount "95"]
[EventDate "2016.08.18"]

1. e4 c5 2. Nf3 d6 3. d4 cxd4 4. Nxd4 Nf6 5. Nc3 a6 6. Be3 e5 7. Nb3 Be7 8. a4
O-O 9. Be2 Be6 10. O-O Nbd7 11. a5 Qc7 12. Qd3 Rac8 13. Rfe1 Bg4 14. Bxg4 Nxg4
15. Nd5 Qd8 16. Bb6 Nxb6 17. axb6 Nf6 18. Na5 Qd7 19. c3 Rfe8 20. Rad1 Nxd5 21.
Qxd5 Rb8 22. f4 exf4 23. e5 Red8 24. Nc4 Bh4 25. Rf1 Qe6 26. exd6 Qxd5 27. Rxd5
Rd7 28. Ne5 Rdd8 29. Rxf4 Bf6 30. Ng4 Rd7 31. Nxf6+ gxf6 32. Rxf6 Rbd8 33. g4
Kg7 34. g5 Re8 35. Kf2 Re6 36. Rxe6 fxe6 37. Rd4 e5 38. Rd5 e4 39. Ke3 h6 40.
gxh6+ Kxh6 41. Kxe4 Kg6 42. Ke5 Kf7 43. h4 a5 44. Rc5 Ke8 45. Rc8+ Rd8 46.
Rxd8+ Kxd8 47. Ke6 Ke8 48. h5 1-0